Loading...
| Arts - Music | 0 | 7 | 0 | 0 | 70 | 89 | 110.86 | 2 | 7 |
| History - American History | 0 | 3 | 0 | 0 | 30 | 83 | 92.00 | 2 | 3 |
| Science - Biology | 0 | 3 | 2 | 1 | 20 | 95 | 104.33 | 2 | 3 |
| Other - Other Academic | 0 | 2 | 0 | 1 | 20 | 120 | 121.50 | 0 | 2 |
| Arts - Other Arts | 0 | 2 | 0 | 0 | 20 | 70 | 91.00 | 1 | 2 |
| Thought - Social Science | 0 | 1 | 0 | 0 | 10 | 121 | 121.00 | 0 | 1 |
| Arts - Painting | 0 | 1 | 0 | 1 | 10 | 132 | 132.00 | 0 | 1 |
| Beliefs - Mythology | 0 | 1 | 0 | 1 | 10 | 141 | 141.00 | 0 | 1 |
| Literature - British Lit | 0 | 1 | 0 | 0 | 10 | 143 | 143.00 | 0 | 1 |
| Other - Pop Culture | 0 | 1 | 0 | 0 | 10 | 127 | 127.00 | 0 | 1 |
| Science - Chemistry | 0 | 1 | 0 | 0 | 10 | 98 | 98.00 | 1 | 1 |
| Thought - Philosophy | 0 | 1 | 0 | 1 | 10 | 127 | 127.00 | 0 | 1 |
| History - World History | 0 | 1 | 1 | 0 | 5 | 128 | 128.00 | 0 | 1 |
| Beliefs - Religion | 0 | 1 | 2 | 1 | 0 | 121 | 121.00 | 0 | 1 |
| Literature - American Lit | 0 | 0 | 1 | 0 | -5 | 0.00 | 0 | 0 | |
| History - Euro History | 0 | 0 | 1 | 0 | -5 | 0.00 | 0 | 0 | |
| Other - Geo/CE | 0 | 0 | 1 | 0 | -5 | 0.00 | 0 | 0 |